Normal view MARC view

Entry Personal Name

Number of records used in: 1

001 - CONTROL NUMBER

  • control field: 162680

003 - CONTROL NUMBER IDENTIFIER

  • control field: OSt

005 - DATE AND TIME OF LATEST TRANSACTION

  • control field: 20220923212649.0

008 - FIXED-LENGTH DATA ELEMENTS

  • fixed length control field: 220923|| aca||aabn | a|a d

040 ## - CATALOGING SOURCE

  • Original cataloging agency: OSt
  • Transcribing agency: OSt

100 ## - HEADING--PERSONAL NAME

  • Personal name: श्रीकण्ठय्या, ती0 न0

670 ## - SOURCE DATA FOUND

  • Source citation: Work cat.: (OSt)310605: श्रीकण्ठय्या, ती0 न0, भारतीय काव्य मीमांसा, अनु भालचन्द्र जयशेट्टी, 1992
Copyright @ Delhi University Library System